[Event "COL-ch sf1"]
[Site "Medellin"]
[Date "2019.04.21"]
[Round "10"]
[White "Hoyos Garces, Rosana"]
[Black "Norena Yepez, Vanessa"]
[Result "1/2-1/2"]
[WhiteElo "1605"]
[BlackElo "1803"]
[PlyCount "55"]
[EventDate "2019.04.16"]
[EventType "swiss"]
[EventRounds "10"]
[EventCountry "COL"]
[SourceTitle "CBM 190 Extra"]
[Source "ChessBase"]
[SourceDate "2019.07.15"]
[SourceVersion "1"]
[SourceVersionDate "2019.07.15"]
[SourceQuality "1"]

1. Nf3 c5 2. c4 g6 3. e3 Bg7 4. d4 cxd4 5. exd4 Nf6 6. Nc3 0-0 7. Be2 d5 8. c5 Nc6 9. 0-0 Bf5 10. h3 Ne4 11. Be3 e5 12. Rc1 Nxc3 13. Rxc3 e4 14. Ne1 Be6 15. f4 f5 16. Kh2 h6 17. a3 g5 18. g3 Qf6 19. Nc2 a6 20. b4 Ne7 21. Rg1 Bd7 22. Ne1 Kh7 23. Qd2 g4 24. h4 Rg8 25. Ng2 Nc6 26. Rd1 Na7 27. Qc2 Nb5 28. Rb3 1/2-1/2

[Event "COL-ch sf1"]
[Site "Medellin"]
[Date "2019.04.17"]
[Round "3"]
[White "Norena Yepez, Vanessa"]
[Black "Narvaez Ramirez, Faber Alberto"]
[Result "0-1"]
[WhiteElo "1803"]
[BlackElo "2120"]
[PlyCount "46"]
[EventDate "2019.04.16"]
[EventType "swiss"]
[EventRounds "10"]
[EventCountry "COL"]
[SourceTitle "CBM 190 Extra"]
[Source "ChessBase"]
[SourceDate "2019.07.15"]
[SourceVersion "1"]
[SourceVersionDate "2019.07.15"]
[SourceQuality "1"]

1. d4 Nf6 2. Nf3 d5 3. Bf4 c5 4. c3 Qb6 5. Qb3 c4 6. Qxb6 axb6 7. Nbd2 Bf5 8. g3 Nc6 9. Bg2 b5 10. 0-0 b4 11. Nh4 Be6 12. Rfe1 h6 13. Nhf3 g5 14. Be5 Bg7 15. e4 0-0 16. exd5 Bxd5 17. Bxf6 exf6 18. Bf1 b5 19. Rec1 bxc3 20. bxc3 Rfb8 21. Ne1 Ra3 22. Nc2 Rxc3 23. Nb1 Rxc2 0-1

[Event "COL-chB U1800"]
[Site "Antioquia"]
[Date "2018.12.07"]
[Round "3"]
[White "Norena Yepez, Vanessa"]
[Black "Florez Caceres, Rafael Omar"]
[Result "0-1"]
[WhiteElo "1799"]
[BlackElo "1440"]
[PlyCount "82"]
[EventDate "2018.12.06"]
[EventType "swiss"]
[EventRounds "7"]
[EventCountry "COL"]
[SourceTitle "CBM 190 Extra"]
[Source "ChessBase"]
[SourceDate "2019.07.15"]
[SourceVersion "1"]
[SourceVersionDate "2019.07.15"]
[SourceQuality "1"]

1. d4 Nf6 2. Nf3 g6 3. Bf4 Bg7 4. e3 0-0 5. Be2 d6 6. h3 c5 7. c4 Qb6 8. Qb3 Nc6 9. 0-0 Nh5 10. dxc5 Qxc5 11. Bh2 Na5 12. Qc2 b5 13. Nbd2 bxc4 14. Ne4 Qb4 15. Nd4 Nf6 16. a3 Qb6 17. Nc3 Bb7 18. Na4 Qc7 19. b4 Be4 20. Qc1 Qd7 21. Nc3 Nb3 22. Nxb3 cxb3 23. Qd2 Qe6 24. Bd3 Rfc8 25. Rab1 Bxd3 26. Qxd3 a5 27. Ne2 a4 28. Nd4 Qc4 29. Qd1 Ne4 30. Ne2 Nc3 31. Nxc3 Qxc3 32. e4 Bd4 33. Bf4 b2 34. Re1 Rc4 35. Qe2 Rac8 36. e5 dxe5 37. Bxe5 Bxe5 38. Qxe5 Qxe5 39. Rxe5 Rc1+ 40. Re1 Rxe1+ 41. Rxe1 Rc1 0-1

[Event "COL-chB U1800"]
[Site "Antioquia"]
[Date "2018.12.06"]
[Round "1"]
[White "Arenas Ocampo, Jhoan E"]
[Black "Norena Yepez, Vanessa"]
[Result "0-1"]
[WhiteElo "1649"]
[BlackElo "1799"]
[PlyCount "32"]
[EventDate "2018.12.06"]
[EventType "swiss"]
[EventRounds "7"]
[EventCountry "COL"]
[SourceTitle "CBM 190 Extra"]
[Source "ChessBase"]
[SourceDate "2019.07.15"]
[SourceVersion "1"]
[SourceVersionDate "2019.07.15"]
[SourceQuality "1"]

1. e4 c5 2. Nf3 Nc6 3. d4 cxd4 4. Nxd4 g6 5. Nc3 Bg7 6. Be3 Nf6 7. f3 0-0 8. Qd2 d5 9. Nxc6 bxc6 10. e5 Nd7 11. f4 e6 12. Na4 f6 13. exf6 Qxf6 14. c3 e5 15. fxe5 Nxe5 16. Be2 Qh4+ 0-1

[Event "Medellin Conconcreto op"]
[Site "Medellin"]
[Date "2018.01.25"]
[Round "2"]
[White "Sanchez Sanchez, Andres Felipe"]
[Black "Norena Yepez, Vanessa"]
[Result "1-0"]
[WhiteElo "1956"]
[BlackElo "1791"]
[PlyCount "57"]
[EventDate "2018.01.24"]
[EventType "swiss"]
[EventRounds "7"]
[EventCountry "COL"]
[SourceTitle "CBM 182 Extra"]
[Source "ChessBase"]
[SourceDate "2018.02.23"]
[SourceVersion "1"]
[SourceVersionDate "2018.02.23"]
[SourceQuality "1"]

1. d4 Nf6 2. Nf3 e6 3. g3 d5 4. Bg2 b6 5. 0-0 Be7 6. c4 Bb7 7. Ne5 0-0 8. Nc3 Bb4 9. Bg5 Bxc3 10. bxc3 c6 11. Qa4 h6 12. Bxf6 Qxf6 13. cxd5 cxd5 14. c4 Qe7 15. cxd5 exd5 16. e3 Rd8 17. Rfc1 f6 18. Ng6 Qd7 19. Qxd7 Rxd7 20. Bh3 Rd8 21. Rc7 Ba6 22. Ne7+ Kf8 23. Be6 Nd7 24. Nc6 Rac8 25. Rxd7 Rxd7 26. Bxd7 Rc7 27. Nb4 Be2 28. Be6 Ke7 29. Nxd5+ 1-0

[Event "Medellin Conconcreto op"]
[Site "Medellin"]
[Date "2018.01.24"]
[Round "1"]
[White "Norena Yepez, Vanessa"]
[Black "Gomez, Jhon D"]
[Result "0-1"]
[WhiteElo "1791"]
[BlackElo "2052"]
[PlyCount "46"]
[EventDate "2018.01.24"]
[EventType "swiss"]
[EventRounds "7"]
[EventCountry "COL"]
[SourceTitle "CBM 182 Extra"]
[Source "ChessBase"]
[SourceDate "2018.02.23"]
[SourceVersion "1"]
[SourceVersionDate "2018.02.23"]
[SourceQuality "1"]

1. d4 Nf6 2. Nf3 g6 3. Bf4 Bg7 4. e3 d6 5. h3 0-0 6. c3 Nbd7 7. Be2 b6 8. 0-0 Bb7 9. Nbd2 c5 10. b4 Nd5 11. Qb3 cxb4 12. cxb4 Nxf4 13. exf4 Nf6 14. Bc4 Qd7 15. Ng5 e6 16. Nxe6 Rfe8 17. Nxg7 Kxg7 18. Rfe1 Nh5 19. f5 Qxf5 20. g4 Qf4 21. Red1 Nf6 22. Nf1 Rac8 23. Rac1 d5 0-1

[Event "Medellin Flores op 24th"]
[Site "Medellin"]
[Date "2017.08.06"]
[Round "6"]
[White "Montoya Diaz, Cesar Augusto"]
[Black "Norena Yepez, Vanessa"]
[Result "1/2-1/2"]
[WhiteElo "2051"]
[BlackElo "1731"]
[PlyCount "68"]
[EventDate "2017.08.03"]
[EventType "swiss"]
[EventRounds "9"]
[EventCountry "COL"]
[SourceTitle "CBM 179 Extra"]
[Source "ChessBase"]
[SourceDate "2017.08.23"]
[SourceVersion "1"]
[SourceVersionDate "2017.08.23"]
[SourceQuality "1"]

1. e4 c5 2. Nf3 g6 3. d4 cxd4 4. Qxd4 Nf6 5. e5 Nc6 6. Qh4 Nxe5 7. Nbd2 Nc6 8. Bc4 d5 9. Bb3 Bg7 10. 0-0 0-0 11. Rd1 e5 12. Nf1 e4 13. Ng5 h6 14. Nh3 Bg4 15. Re1 Bxh3 16. Qxh3 Qc8 17. Qh4 h5 18. Bg5 Qe6 19. c3 Ne5 20. Rad1 Rad8 21. Qf4 Qd6 22. Bc2 Nh7 23. Bxe4 Nxg5 24. Qxg5 Qc5 25. Bb1 d4 26. Qh4 Nc6 27. cxd4 Rxd4 28. Rxd4 Bxd4 29. Qg3 Bxb2 30. Bxg6 fxg6 31. Qb3+ Kh7 32. Qxb2 Rf7 33. Ng3 Qb4 34. Qxb4 Nxb4 1/2-1/2

[Event "COL-ch sf (Women)"]
[Site "Palmira"]
[Date "2017.05.15"]
[Round "1"]
[White "Marin, Valeria"]
[Black "Norena Yepez, Vanessa"]
[Result "0-1"]
[WhiteElo "1300"]
[BlackElo "1730"]
[PlyCount "20"]
[EventDate "2017.05.15"]
[EventType "swiss"]
[EventRounds "7"]
[EventCountry "COL"]
[SourceTitle "CBM 178 Extra"]
[Source "ChessBase"]
[SourceDate "2017.06.22"]
[SourceVersion "1"]
[SourceVersionDate "2017.06.22"]
[SourceQuality "1"]

1. e4 c5 2. Nf3 Nc6 3. Nc3 d6 4. Bb5 Bd7 5. d4 cxd4 6. Nxd4 g6 7. 0-0 Bg7 8. Be3 Nf6 9. Re1 0-0 10. Bf4 e5 0-1

[Event "Medellin Easter op 7th"]
[Site "Medellin"]
[Date "2017.04.13"]
[Round "2"]
[White "Norena Yepez, Vanessa"]
[Black "Jimenez, Jose Mauricio"]
[Result "0-1"]
[WhiteElo "1677"]
[BlackElo "2270"]
[PlyCount "70"]
[EventDate "2017.04.12"]
[EventType "swiss"]
[EventRounds "8"]
[EventCountry "COL"]
[SourceTitle "CBM 177 Extra"]
[Source "ChessBase"]
[SourceDate "2017.04.27"]
[SourceVersion "1"]
[SourceVersionDate "2017.04.27"]
[SourceQuality "1"]

1. d4 Nf6 2. Nf3 e6 3. Bf4 b6 4. e3 Bb7 5. h3 Be7 6. Bd3 d6 7. 0-0 Nbd7 8. Bh2 0-0 9. c4 c5 10. Nc3 a6 11. a3 Rc8 12. Qe2 Re8 13. Rfc1 Bf8 14. Nd2 h6 15. Nde4 cxd4 16. exd4 Nxe4 17. Nxe4 d5 18. Nd6 Bxd6 19. Bxd6 dxc4 20. Bxc4 b5 21. Bd3 Rxc1+ 22. Rxc1 Qg5 23. f4 Qd5 24. Rc7 Qxd4+ 25. Kh1 Qxd6 26. Rxb7 Nc5 27. Bxb5 axb5 28. Qxb5 Rd8 29. Rb6 Qxf4 30. Qe2 Ne4 31. Kg1 Ng3 32. Qf3 Qd4+ 33. Qf2 Ne2+ 34. Kf1 Qd1+ 35. Qe1 Ng3+ 0-1

[Event "Medellin Flores op 23rd"]
[Site "Medellin"]
[Date "2016.08.07"]
[Round "8"]
[White "Sierra Mejia, Juan Pablo"]
[Black "Norena Yepez, Vanessa"]
[Result "1-0"]
[WhiteElo "2100"]
[BlackElo "1644"]
[PlyCount "65"]
[EventDate "2016.08.03"]
[EventType "swiss"]
[EventRounds "9"]
[EventCountry "COL"]
[SourceTitle "CBM 173 Extra"]
[Source "ChessBase"]
[SourceDate "2016.08.29"]
[SourceVersion "1"]
[SourceVersionDate "2016.08.29"]
[SourceQuality "1"]

1. d4 g6 2. c4 Nf6 3. Nc3 Bg7 4. e4 d6 5. f3 0-0 6. Nge2 Nbd7 7. Be3 c5 8. Qd2 cxd4 9. Nxd4 Re8 10. Be2 Ne5 11. 0-0 Bd7 12. Rfd1 Rc8 13. b3 a6 14. Rac1 b6 15. Bf1 Bc6 16. Qf2 Nfd7 17. h3 Ba8 18. Nd5 Bxd5 19. exd5 Nc5 20. b4 Nb7 21. f4 Nd7 22. g4 Nb8 23. Bg2 Qd7 24. Nc6 b5 25. cxb5 axb5 26. Ba7 Na6 27. Qb6 Ra8 28. Qxa6 Nd8 29. a4 bxa4 30. b5 Nxc6 31. dxc6 Qxa7+ 32. Qxa7 Rxa7 33. c7 1-0

[Event "COL-ch U18 Girls"]
[Site "Cali"]
[Date "2016.06.30"]
[Round "3"]
[White "Diaz, Luisa Fernanda"]
[Black "Norena Yepez, Vanessa"]
[Result "1-0"]
[WhiteElo "1478"]
[BlackElo "1567"]
[PlyCount "105"]
[EventDate "2016.06.29"]
[EventType "tourn"]
[EventRounds "9"]
[EventCountry "COL"]
[SourceTitle "CBM 173 Extra"]
[Source "ChessBase"]
[SourceDate "2016.08.29"]
[SourceVersion "1"]
[SourceVersionDate "2016.08.29"]
[SourceQuality "1"]

1. e4 e5 2. Bc4 Nf6 3. d3 Bc5 4. Nf3 d6 5. c3 0-0 6. Bb3 Bg4 7. Nbd2 d5 8. h3 Bxf3 9. Qxf3 c6 10. 0-0 d4 11. Rd1 b5 12. Nf1 Qb6 13. Ng3 Nbd7 14. Nf5 dxc3 15. bxc3 Rae8 16. Bh6 Bxf2+ 17. Qxf2 Qxf2+ 18. Kxf2 gxh6 19. Nxh6+ Kg7 20. Nf5+ Kh8 21. g4 Nc5 22. Bc2 Rd8 23. Kf3 Ne6 24. Ne7 Rd6 25. h4 Re8 26. Nf5 Rd7 27. Rd2 c5 28. Rad1 Red8 29. Ne3 c4 30. g5 Nh5 31. Nd5 cxd3 32. Bxd3 a6 33. Be2 Nhf4 34. Ke3 Nxd5+ 35. Rxd5 Rxd5 36. Rxd5 Rc8 37. Kd2 Rd8 38. Bg4 Rxd5+ 39. exd5 Nc5 40. Ke3 Kg7 41. d6 Kf8 42. Bf5 Ke8 43. Bxh7 Kd7 44. Bg8 Ke8 45. h5 Ne6 46. Ke4 Nxg5+ 47. Kxe5 Kf8 48. d7 Ke7 49. h6 Kxd7 50. Kf6 Ne4+ 51. Kxf7 Nd6+ 52. Kg6 Ne4 53. h7 1-0

[Event "COL-ch U18 Girls"]
[Site "Cali"]
[Date "2016.06.29"]
[Round "1"]
[White "Norena Yepez, Vanessa"]
[Black "Cardoso Cardoso, Jaidy Marcela"]
[Result "0-1"]
[WhiteElo "1567"]
[BlackElo "1675"]
[PlyCount "70"]
[EventDate "2016.06.29"]
[EventType "tourn"]
[EventRounds "9"]
[EventCountry "COL"]
[SourceTitle "CBM 173 Extra"]
[Source "ChessBase"]
[SourceDate "2016.08.29"]
[SourceVersion "1"]
[SourceVersionDate "2016.08.29"]
[SourceQuality "1"]

1. d4 Nf6 2. e3 g6 3. Bd3 Bg7 4. f4 d6 5. Nf3 0-0 6. 0-0 Nbd7 7. Nbd2 e5 8. c3 Re8 9. fxe5 dxe5 10. Bc4 h6 11. Qb3 Qe7 12. Nxe5 Nxe5 13. dxe5 Qxe5 14. Bxf7+ Kh7 15. Nf3 Qe7 16. Bxe8 Qxe8 17. Nd4 a6 18. Bd2 b5 19. Rae1 c5 20. Nf3 Be6 21. Qd1 Bc4 22. Qc2 Bxf1 23. Rxf1 Ne4 24. Bc1 Ra7 25. Nd2 Re7 26. Rf4 Ng5 27. e4 Be5 28. Rh4 Qf7 29. Nb3 Bf6 30. Qf2 Rd7 31. Bd2 Qe7 32. Kf1 Nxe4 33. Rxe4 Qxe4 34. Qxf6 Qc4+ 35. Ke1 Rf7 0-1

[Event "Pan American-ch U20 Girls"]
[Site "Guatape"]
[Date "2016.06.24"]
[Round "8"]
[White "Loaiza, Yurani"]
[Black "Norena Yepez, Vanessa"]
[Result "1-0"]
[WhiteElo "1962"]
[BlackElo "1567"]
[PlyCount "63"]
[EventDate "2016.06.20"]
[EventType "swiss"]
[EventRounds "9"]
[EventCountry "COL"]
[SourceTitle "EXT 2017"]
[Source "ChessBase"]
[SourceDate "2016.10.25"]
[SourceVersion "1"]
[SourceVersionDate "2016.10.25"]
[SourceQuality "1"]

1. e4 c5 2. Nf3 Nc6 3. Bb5 g6 4. 0-0 Bg7 5. Re1 a6 6. Bf1 d6 7. h3 Nf6 8. c3 0-0 9. d4 cxd4 10. cxd4 e5 11. Nc3 Nd7 12. Be3 Kh8 13. Qd2 f5 14. Bg5 Qe8 15. Nd5 Qf7 16. Nc7 Rb8 17. d5 Nc5 18. Nxa6 bxa6 19. dxc6 Nxe4 20. Qa5 Qa7 21. Be3 Qf7 22. b3 Re8 23. Rac1 d5 24. Bb6 Qf6 25. Bc7 Ra8 26. Bxe5 Qf7 27. Bxg7+ Kxg7 28. Nd4 Qa7 29. Qxd5 Be6 30. Nxe6+ Kf6 31. Nc5 Nxc5 32. Rxe8 1-0

[Event "COL pre olympic sf1 (Women)"]
[Site "Medellin"]
[Date "2016.03.27"]
[Round "9"]
[White "Pinillo Canon, Silvana"]
[Black "Norena Yepez, Vanessa"]
[Result "1/2-1/2"]
[WhiteElo "1685"]
[BlackElo "1486"]
[PlyCount "56"]
[EventDate "2016.03.22"]
[EventType "swiss"]
[EventRounds "9"]
[EventCountry "COL"]
[SourceTitle "CBM 171 Extra"]
[Source "ChessBase"]
[SourceDate "2016.04.26"]
[SourceVersion "1"]
[SourceVersionDate "2016.04.26"]
[SourceQuality "1"]

1. e4 c5 2. Nf3 Nc6 3. d4 cxd4 4. Nxd4 Nf6 5. Nc3 e5 6. Ndb5 d6 7. Bg5 a6 8. Na3 b5 9. Nd5 Be7 10. Bxf6 Bxf6 11. c3 Bg5 12. Nc2 0-0 13. Bd3 Ne7 14. Nce3 Bxe3 15. Nxe3 f5 16. exf5 Bxf5 17. 0-0 Be6 18. Qc2 g6 19. Be4 Ra7 20. Rfd1 d5 21. g3 Rd7 22. Bg2 Nf5 23. Qe2 Nxe3 24. Qxe3 Qc7 25. Rd2 Rfd8 26. Rad1 Bf7 27. Bh3 Re7 28. Bg2 Red7 1/2-1/2

[Event "COL pre olympic sf1 (Women)"]
[Site "Medellin"]
[Date "2016.03.26"]
[Round "8"]
[White "Norena Yepez, Vanessa"]
[Black "Jimenez, Haddy Belleily"]
[Result "1/2-1/2"]
[WhiteElo "1486"]
[BlackElo "1564"]
[PlyCount "20"]
[EventDate "2016.03.22"]
[EventType "swiss"]
[EventRounds "9"]
[EventCountry "COL"]
[SourceTitle "CBM 171 Extra"]
[Source "ChessBase"]
[SourceDate "2016.04.26"]
[SourceVersion "1"]
[SourceVersionDate "2016.04.26"]
[SourceQuality "1"]

1. d4 d5 2. c4 c6 3. Nc3 Nf6 4. Nf3 e6 5. Bg5 Be7 6. e3 Nbd7 7. Rc1 b6 8. Bd3 Bb7 9. 0-0 0-0 10. cxd5 exd5 1/2-1/2

[Event "COL pre olympic sf1 (Women)"]
[Site "Medellin"]
[Date "2016.03.25"]
[Round "6"]
[White "Salcedo, Jackeline"]
[Black "Norena Yepez, Vanessa"]
[Result "1-0"]
[WhiteElo "1995"]
[BlackElo "1486"]
[PlyCount "57"]
[EventDate "2016.03.22"]
[EventType "swiss"]
[EventRounds "9"]
[EventCountry "COL"]
[SourceTitle "CBM 171 Extra"]
[Source "ChessBase"]
[SourceDate "2016.04.26"]
[SourceVersion "1"]
[SourceVersionDate "2016.04.26"]
[SourceQuality "1"]

1. c4 Nf6 2. Nc3 g6 3. e4 d6 4. d4 Bg7 5. f3 0-0 6. Bg5 h6 7. Be3 Nc6 8. Qd2 Kh7 9. Bd3 e5 10. d5 Ne7 11. Nge2 Nd7 12. h4 Nc5 13. Bc2 f5 14. h5 f4 15. hxg6+ Nxg6 16. Bf2 Qg5 17. g3 Kg8 18. 0-0-0 fxg3 19. Be3 Nf4 20. Rdg1 Rf7 21. Rxg3 Qf6 22. Nxf4 exf4 23. Rxg7+ Rxg7 24. Bd4 Qf7 25. Bxg7 Kxg7 26. Rg1+ Kh8 27. Qd4+ Kh7 28. e5+ Bf5 29. e6 1-0

[Event "COL pre olympic sf1 (Women)"]
[Site "Medellin"]
[Date "2016.03.24"]
[Round "4"]
[White "Norena Yepez, Vanessa"]
[Black "Toro Castaneda, Elizabeth"]
[Result "0-1"]
[WhiteElo "1486"]
[BlackElo "1792"]
[PlyCount "50"]
[EventDate "2016.03.22"]
[EventType "swiss"]
[EventRounds "9"]
[EventCountry "COL"]
[SourceTitle "CBM 171 Extra"]
[Source "ChessBase"]
[SourceDate "2016.04.26"]
[SourceVersion "1"]
[SourceVersionDate "2016.04.26"]
[SourceQuality "1"]

1. d4 d5 2. c4 c6 3. Nc3 Nf6 4. Nf3 e6 5. Bg5 Be7 6. e3 Nbd7 7. cxd5 exd5 8. Bd3 0-0 9. 0-0 b6 10. Rc1 Bb7 11. Ne2 c5 12. b3 Ne4 13. Bxe7 Qxe7 14. Nd2 f5 15. Bb5 Ndf6 16. Ng3 Nxg3 17. hxg3 Ne4 18. Nxe4 fxe4 19. Qg4 Rad8 20. Rfe1 a6 21. Bf1 Qf6 22. Qf4 Qxf4 23. gxf4 cxd4 24. exd4 Rxf4 25. Rc7 Rf7 0-1